000 00786cab a2200229 4500
001 ABS57981
008 090401t1997 xxu||||| |||| 00| 0 eng d
035 _a(Sirsi) u82439
041 _aeng
245 _aInvestigating the advice squad
260 _c1997
350 _a0
490 _aPlanning (for the Natural and Built Environment)
_v(1245) 21 November 1997, 15-22(6)
520 _aA look at the fast growing sector of planning consultants. Results of survey including a league table of consultant groups ranked by employed planners and by fee earnings.
650 _aCONSULTANTS
650 _aLEAGUE TABLE
650 _aPLANNING CONSULTANTS
650 _aRANKING
690 _aMANAGEMENT-BUSINESS MANAGEMENT-PROFESSIONAL PRACTICE
942 _n0
948 _c01/12/1997
999 _c52058
_d52058